000 00340nam a22001337a 4500
008 170609b xxu||||| |||| 00| 0 eng d
020 _a9780896085633
041 _aeng
080 _a32
100 _a19
101 _aSHP
245 _aDEMOCRACY UNBOUND PROGRESSIVE CHALLENGES TO THE TWO PATY SYSTEM
_cREYNOLOS.D
942 _2udc
_cBK
999 _c16739
_d16739